<?xml version="1.0" encoding="UTF-8"?>
<record
    xmlns:xsi="http://www.w3.org/2001/XMLSchema-instance"
    xsi:schemaLocation="http://www.loc.gov/MARC21/slim http://www.loc.gov/standards/marcxml/schema/MARC21slim.xsd"
    xmlns="http://www.loc.gov/MARC21/slim">

  <leader>01195naa a22002174i 4500</leader>
  <controlfield tag="001">768714001</controlfield>
  <controlfield tag="003">CO-MdFUSB</controlfield>
  <controlfield tag="005">20260313104556.0</controlfield>
  <controlfield tag="008">190311s1995    sp ||||| |||| 00| 0 spa d</controlfield>
  <datafield tag="022" ind1=" " ind2=" ">
    <subfield code="a">0210-1041</subfield>
  </datafield>
  <datafield tag="040" ind1=" " ind2=" ">
    <subfield code="a">CO-MdFUSB</subfield>
    <subfield code="b">spa</subfield>
    <subfield code="c">CO-MdFUSB</subfield>
    <subfield code="d">CO-MdFUSB</subfield>
  </datafield>
  <datafield tag="041" ind1=" " ind2=" ">
    <subfield code="a">spa</subfield>
  </datafield>
  <datafield tag="100" ind1=" " ind2=" ">
    <subfield code="a">Renaud-Chamska, Isabelle</subfield>
    <subfield code="e">autor</subfield>
  </datafield>
  <datafield tag="245" ind1=" " ind2=" ">
    <subfield code="a">La liturgia como conjunto de citas</subfield>
    <subfield code="c">/ Isabelle Renaud-Chamska</subfield>
  </datafield>
  <datafield tag="300" ind1=" " ind2=" ">
    <subfield code="a">N&#xFA;mero 259 (1995), p&#xE1;ginas 481-489</subfield>
    <subfield code="c">: 21 cm</subfield>
  </datafield>
  <datafield tag="520" ind1=" " ind2=" ">
    <subfield code="a">Hace ya varios a&#xF1;os que los estudios literarios se han visto renovados gracias a los instrumentos de investigaci&#xF3;n forjados por la ling&#xFC;&#xED;stica. Algunos de ellos han resultado muy &#xFA;tiles, otros han decepcionado. La utilizaci&#xF3;n de la pragm&#xE1;tica del lenguaje se ha mostrado especialmente fecunda en el estudio de los textos literarios; por ello, nos gustar&#xED;a someter aqu&#xED; los textos del Ritual Romano a la prueba de las pautas de an&#xE1;lisis elaboradas por los pragm&#xE1;ticos.</subfield>
  </datafield>
  <datafield tag="650" ind1=" " ind2="7">
    <subfield code="9">206</subfield>
    <subfield code="a">Liturgia</subfield>
  </datafield>
  <datafield tag="773" ind1="0" ind2=" ">
    <subfield code="0">49450</subfield>
    <subfield code="9">60421</subfield>
    <subfield code="o">R0851</subfield>
    <subfield code="t">Revista internacional de teolog&#xED;a Concilium</subfield>
    <subfield code="w">(CO-MdFUSB)8</subfield>
    <subfield code="x">0210-1041</subfield>
    <subfield code="g">N&#xFA;mero 259 (1995), p&#xE1;ginas 481-489</subfield>
    <subfield code="q">P&#xE1;gina 481</subfield>
  </datafield>
  <datafield tag="942" ind1=" " ind2=" ">
    <subfield code="c">ANA</subfield>
  </datafield>
  <datafield tag="945" ind1=" " ind2=" ">
    <subfield code="a">JTF-925</subfield>
  </datafield>
  <datafield tag="999" ind1=" " ind2=" ">
    <subfield code="c">64883</subfield>
    <subfield code="d">64883</subfield>
  </datafield>
</record>
